<?xml version="1.0" encoding="UTF-8"?>
<record
    xmlns:xsi="http://www.w3.org/2001/XMLSchema-instance"
    xsi:schemaLocation="http://www.loc.gov/MARC21/slim http://www.loc.gov/standards/marcxml/schema/MARC21slim.xsd"
    xmlns="http://www.loc.gov/MARC21/slim">

  <leader>00551cam a2200157Mi 4500</leader>
  <datafield tag="020" ind1=" " ind2=" ">
    <subfield code="a">9789251065457</subfield>
  </datafield>
  <datafield tag="020" ind1=" " ind2=" ">
    <subfield code="a">9251065454</subfield>
  </datafield>
  <datafield tag="040" ind1=" " ind2=" ">
    <subfield code="c">NLGGC</subfield>
  </datafield>
  <datafield tag="082" ind1=" " ind2=" ">
    <subfield code="a">636 FOO 2010 A056 Or.</subfield>
  </datafield>
  <datafield tag="100" ind1="1" ind2=" ">
    <subfield code="a">Hemme, Torsten.</subfield>
  </datafield>
  <datafield tag="245" ind1="1" ind2="0">
    <subfield code="a">Status and prospects for smallholder milk production :</subfield>
    <subfield code="b">a global perspective /</subfield>
  </datafield>
  <datafield tag="260" ind1=" " ind2=" ">
    <subfield code="a">Rome :</subfield>
    <subfield code="b">Food and agriculture organization of the United nations (FAO). Pro-poor livestock policy initiative (PPLPI),</subfield>
    <subfield code="c">2010.</subfield>
  </datafield>
  <datafield tag="300" ind1=" " ind2=" ">
    <subfield code="a">181 p. :</subfield>
    <subfield code="b">ill., graphs, maps, tabs. ;</subfield>
    <subfield code="c">31 cm.</subfield>
  </datafield>
  <datafield tag="700" ind1="1" ind2=" ">
    <subfield code="a">Otte, Joachim.</subfield>
  </datafield>
  <datafield tag="942" ind1=" " ind2=" ">
    <subfield code="c">EK</subfield>
  </datafield>
  <datafield tag="999" ind1=" " ind2=" ">
    <subfield code="c">15712</subfield>
    <subfield code="d">15712</subfield>
  </datafield>
  <datafield tag="952" ind1=" " ind2=" ">
    <subfield code="0">0</subfield>
    <subfield code="1">0</subfield>
    <subfield code="4">0</subfield>
    <subfield code="6">636_000000000000000_FOO_2010_A056_OR</subfield>
    <subfield code="7">0</subfield>
    <subfield code="9">69389</subfield>
    <subfield code="a">LBA</subfield>
    <subfield code="b">LBA</subfield>
    <subfield code="c">A056</subfield>
    <subfield code="d">2017-12-06</subfield>
    <subfield code="o">636 FOO 2010 A056 Or.</subfield>
    <subfield code="p">A13499</subfield>
    <subfield code="r">2017-12-06</subfield>
    <subfield code="w">2017-12-06</subfield>
    <subfield code="y">EK</subfield>
  </datafield>
</record>
